| 000 | 00891nam a22002177a 4500 | ||
|---|---|---|---|
| 999 |
_c11726 _d11726 |
||
| 003 | AR-CdUCM | ||
| 008 | 190404b ||||| |||| 00| 0 spa d | ||
| 040 |
_aMUNICIPALIDAD PROVINCIAL DEL CUSCO _cBIBLIOTECA MUNICIPAL DEL CUSCO |
||
| 082 |
_22ed _a142 / _bB24 / 1939 |
||
| 100 |
_aBassi, Angel C. _928120 |
||
| 245 |
_aPrincipios de metodología general : _bNociones de lógica científica y pedagógica / |
||
| 260 |
_aBuenos Aires : _bClaridad, _c1939. |
||
| 300 |
_a310 páginas ; _c19 cm. |
||
| 440 |
_aBiblioteca de obras famosas _929218 |
||
| 505 | _aContenido: Método y metodología -- Ojeada histórica -- Ventajas del método de investigación y algunos de sus preceptos -- Las ventajas del método didáctico... | ||
| 650 |
_aMetodología _92264 |
||
| 650 |
_aInvestigación científica _99735 |
||
| 650 |
_aDidáctica _95011 |
||
| 942 |
_2ddc _cLIBROS |
||
| 945 |
_adavv _d04/04/2019 |
||